000 00872nam a2200313Ia 4500
003 OSt
005 20220912144543.0
006 a|||||r|||| 00| 0
007 ta
008 220909b |||||||| |||| 00| 0 eng d
020 _a8185972095 (hbk)
020 _aSL0859630
024 _a188661
037 _cTextual
040 _aCSL
_beng
_cCSL
041 _aeng
082 _aY7, N3
100 _aBrogger Jan
245 0 _aSocial anthropology and the lonely crowd : a comparative approach to the problems of modern society
260 _aNew Delhi
_b Relince
_c1993
300 _ax,120p.
490 _aAnthropological perspectives
500 _aReferences 115-116p.; Index 117-120p.
650 _aSocial anthropology
700 _aBrogger Jan
942 _hY7, N3
_cTEXL
_2CC
999 _c11860
_d11860